| 000 | 00804nam a2200253 4500 | ||
|---|---|---|---|
| 001 | 200239 | ||
| 010 | _a972-570-269-7 | ||
| 021 |
_aPT _b176255/02 |
||
| 090 | _a200239 | ||
| 100 | _a20260128 pory50 | ||
| 200 |
_aOs micróbios e o homem _fJohn Postgate _gtradução Margarida Guerreiro |
||
| 205 | _a1ª | ||
| 210 |
_aLisboa _cReplicação _dimp. 2002 |
||
| 215 |
_a[XII], 372 p. _cil. ; brochado _d23 cm |
||
| 225 | _aCiência. Replicação | ||
| 300 | _aalimentação, poluição, resíduos, sociedade, evolução, futuro | ||
| 606 |
_994 _aBiologia. Ciências biológicas no geral |
||
| 610 | _aMicrobiologia | ||
| 675 |
_a573 _vPT _zpor |
||
| 700 |
_916074 _aPostgate _bJohn _f1922-2014 |
||
| 702 |
_916075 _aGuerreiro _bMargarida |
||
| 801 |
_aPT _bBMMN _gRPC |
||
| 830 | _cVanda | ||
| 990 | _cLIVROS | ||